00000000nam 2200000zi 4500
0019.939665
003CaOODSP
00520250121092805
006m     o  d f      
007cr bn|||||||||
008240621e199009##onc     o    f00| 0|eng d
040 |aCaOODSP|beng|erda|cCaOODSP
043 |an-cn---
0861 |aCo24-3/10-2-1990E-PDF
24500|aDaycare needs survey and elderly care poll : |bspecial study.
264 1|a[Ottawa] : |bGovernment of Canada, Department of Communications, Program Evaluation Division, |cSeptember 1990.
300 |a1 online resource (1 volume (various pagings)).
336 |atext|btxt|2rdacontent
337 |acomputer|bc|2rdamedia
338 |aonline resource|bcr|2rdacarrier
4901 |aSpecial Study
4900 |aDOC program evaluation series
500 |aDigitized edition from print [produced by Innovation, Science and Economic Development Canada].
650 0|aChild care services|xGovernment policy|zCanada.
650 0|aSenior centers|zCanada.
650 0|aSocial surveys|zCanada|vStatistics.
650 6|aGarde des enfants|xPolitique gouvernementale|zCanada.
650 6|aCentres communautaires pour personnes âgées|zCanada.
650 6|aEnquêtes sociales|zCanada|vStatistiques.
7101 |aCanada. |bDepartment of Communications, |eissuing body.
7101 |aCanada. |bDepartment of Communications. |bProgram Evaluation Division, |eissuing body.
830#0|aSpecial study (Canada. Communications Canada. Program Evaluation Division)|w(CaOODSP)9.939896
85640|qPDF|s0.99 MB|uhttps://publications.gc.ca/collections/collection_2025/isde-ised/co24/Co24-3-10-2-1990-eng.pdf